000 00792nam a2200241 4500
001 148643
003 ES-MaACL
005 20230906202737.0
007 t|
008 070214s1981 sp r ||||1| spa d
020 _a84-205-0772-5
080 _a629.12(038)
100 1 _aSuárez Gil, L.
_9108624
245 1 0 _aDiccionario técnico marítimo inglés-español, español-inglés /
_cL. Suárez Gil.
260 _aMadrid :
_bAlhambra,
_c1981.
300 _aVII, 698 p. :
_bil. ;
_c24 cm.
505 8 _aContiene: Apéndice: Jerga marinera (6 p.)
650 4 _aNavegación-
_vDiccionarios.
_9152403
650 4 _aLengua española-
_vDiccionarios-
_xInglés.
_914142
650 4 _aLengua inglesa-
_vDiccionarios-
_xEspañol.
_914270
740 0 2 _aJerga marinera.
852 4 _aES-MaACL
_jL-356
999 _c148643
_d148643